<?xml version="1.0" encoding="UTF-8"?><?xml-stylesheet type="text/xsl" href="static/style.xsl"?><OAI-PMH xmlns="http://www.openarchives.org/OAI/2.0/" xmlns:xsi="http://www.w3.org/2001/XMLSchema-instance" xsi:schemaLocation="http://www.openarchives.org/OAI/2.0/ http://www.openarchives.org/OAI/2.0/OAI-PMH.xsd"><responseDate>2026-06-01T14:38:05Z</responseDate><request verb="GetRecord" identifier="oai:riuma.uma.es:10630/20765" metadataPrefix="marc">https://riuma.uma.es/rest/oai/request</request><GetRecord><record><header><identifier>oai:riuma.uma.es:10630/20765</identifier><datestamp>2026-02-03T10:19:44Z</datestamp><setSpec>com_10630_1685</setSpec><setSpec>col_10630_38055</setSpec></header><metadata><record xmlns="http://www.loc.gov/MARC21/slim" xmlns:dcterms="http://purl.org/dc/terms/" xmlns:doc="http://www.lyncode.com/xoai" xmlns:xsi="http://www.w3.org/2001/XMLSchema-instance" xsi:schemaLocation="http://www.loc.gov/MARC21/slim http://www.loc.gov/standards/marcxml/schema/MARC21slim.xsd">
   <leader>00925njm 22002777a 4500</leader>
   <datafield ind2=" " ind1=" " tag="042">
      <subfield code="a">dc</subfield>
   </datafield>
   <datafield ind2=" " ind1=" " tag="720">
      <subfield code="a">Martín Cabrerizo, Álvaro</subfield>
      <subfield code="e">author</subfield>
   </datafield>
   <datafield ind2=" " ind1=" " tag="260">
      <subfield code="c">2021-01-18</subfield>
   </datafield>
   <datafield ind2=" " ind1=" " tag="520">
      <subfield code="a">Debido a la gran expansión de la tecnología en los ámbitos empresariales, tanto a nivel&#xd;
directivo como a nivel operativo, es cada vez más fácil la integración de nuevas&#xd;
herramientas en cualquier empresa que quiera abstraer su modelo de negocio y dejar las&#xd;
tareas rudimentarias a tecnologías mejor optimizadas como pueden ser los robots. En&#xd;
nuestro caso, se ha desarrollado una aplicación web que sirva como núcleo gestor de todas&#xd;
las comunicaciones entre los operarios y unos nuevos robots de almacén que están en&#xd;
desarrollo. Estos robots se están desarrollando siguiendo la directiva "low-cost", con idea&#xd;
de integrarlos fácilmente en cualquier empresa que disponga de un almacén con inventario&#xd;
móvil constante. Además, la aplicación web será capaz de tratar la información para&#xd;
mostrar los indicadores de rendimiento claves que servirán para la toma de decisiones de&#xd;
la empresa, así como de llevar un registro de las misiones y de los objetos que se están&#xd;
transportando. Se ha optado por utilizar las facilidades que tienen los nodos IoT Hub de&#xd;
Azure para centralizar todo el paso de mensajes en la nube y, así, poder permitir que el&#xd;
robot sea independiente de su entorno si los operarios se encuentran lejos de la plataforma&#xd;
de trabajo. Además, Azure permite una muy buena escalabilidad que se ajusta&#xd;
precisamente al presupuesto y las necesidades que tenga la empresa cliente. Para estudiar&#xd;
el comportamiento de los robots se han desarrollado simuladores en Python que&#xd;
implementan los mensajes que un robot va a emitir. Por último, la aplicación web se ha&#xd;
desarrollado usando las tecnologías de Angular (front-end) conectadas a .Net Core (backend), que es el encargado de comunicarse con los nodos en Azure y gestionar la&#xd;
información en la base de datos.</subfield>
   </datafield>
   <datafield ind1="8" ind2=" " tag="024">
      <subfield code="a">https://hdl.handle.net/10630/20765</subfield>
   </datafield>
   <datafield tag="653" ind2=" " ind1=" ">
      <subfield code="a">Aplicaciones (Software)</subfield>
   </datafield>
   <datafield tag="653" ind2=" " ind1=" ">
      <subfield code="a">Empresas - Proceso de datos</subfield>
   </datafield>
   <datafield tag="653" ind2=" " ind1=" ">
      <subfield code="a">Robots</subfield>
   </datafield>
   <datafield tag="653" ind2=" " ind1=" ">
      <subfield code="a">Informática - Trabajos Fin de Grado</subfield>
   </datafield>
   <datafield tag="653" ind2=" " ind1=" ">
      <subfield code="a">Grado en Ingeniería Informática - Trabajos Fin de Grado</subfield>
   </datafield>
   <datafield ind2="0" ind1="0" tag="245">
      <subfield code="a">Aplicación web de gestión de la producción para robots de almacén</subfield>
   </datafield>
</record>
</metadata></record></GetRecord></OAI-PMH>